000 00252nam a2200097Ia 4500
005 20251222114345.0
008 251222s1900||||xx |||||||||||||| ||spa||
082 _aDVD0060/H53/2003
245 0 _aCuando llegue mi hombre:Wenn der Richtige Kommt
942 _cDVD
999 _c1009
_d1009